header

An introduction to statistical methods and data analysis (Record no. 255303)

MARC details
000 -LEADER
fixed length control field 00262nam a22000977a 4500
008 - FIXED-LENGTH DATA ELEMENTS--GENERAL INFORMATION
fixed length control field 161114b xxu||||| |||| 00| 0 eng d
020 ## - INTERNATIONAL STANDARD BOOK NUMBER
International Standard Book Number 9780495109143
100 ## - MAIN ENTRY--PERSONAL NAME
Personal name R.Lyman Ott
245 ## - TITLE STATEMENT
Title An introduction to statistical methods and data analysis
260 ## - PUBLICATION, DISTRIBUTION, ETC. (IMPRINT)
Date of publication, distribution, etc 2010
Holdings
Withdrawn status Lost status Source of classification or shelving scheme Damaged status Koha normalized classification for sorting Not for loan Koha collection Location (home branch) Sublocation or collection (holding branch) Shelving location Date acquired Koha issues (times borrowed) Koha full call number Piece designation (barcode) Koha date last seen Koha date last borrowed Price effective from Koha item type
    Library of Congress Classification   QA0276 O77 02010   Non-fiction Rongo University Library Rongo University Library General Stacks 14/11/2016 4 QA276.O77 2010 20090396 20/08/2018 08/08/2018 14/11/2016 Long Loan Books

© 2026 Rongo University
Contact us: librarian | system librarian | Rongo university